The adventures of John Wetherell /

Saved in:
Bibliographic Details
Main Author: Wetherell, John porrit, 1780-ca. 1834
Other Authors: Forester, C. S. (Cecil Scott), 1899-1966
Format: Book
Language:English
Published: London : Michael Joseph, 1954.
Subjects:
LEADER 01061nam a2200253 a 4500
001 c000003375
003 CARM
005 20110411152016.0
008 840203s1954 enka 000 0beng d
019 1 |a 3014867  |z 49597808  |z 54884984  |z 56523004  |z 58021895  |5 LACONCORD2021 
035 |a (OCoLC)4349720  |5 LACONCORD2021 
040 |a ADFA  |b eng  |c ADFA  |d XNTU 
082 1 4 |a 910.4  |2 19 
100 1 |a Wetherell, John porrit,  |d 1780-ca. 1834. 
245 1 4 |a The adventures of John Wetherell /  |c [John Porrit Wetherell] ; edited and with an introduction by C.S. Forester. 
260 |a London :  |b Michael Joseph,  |c 1954. 
300 |a 275 p. :  |b ill. ;  |c 23 cm. 
600 1 0 |a Wetherell, John Porrit,  |d 1780-ca. 1834. 
650 0 |a Adventure and adventurers. 
650 0 |a Prisoners of war. 
700 1 |a Forester, C. S.  |q (Cecil Scott),  |d 1899-1966. 
852 8 |b CARM  |h A2:AE14F0  |i B01023  |p 0055139  |f BK 
999 f f |i ec4e6d18-004b-5983-9ff3-d2dad2165370  |s 277e44c2-de39-53eb-8cb6-42ac55fea244 
952 f f |p Can circulate  |a CAVAL  |b CAVAL  |c CAVAL  |d CARM 1 Store  |e B01023  |f A2:AE14F0  |h Other scheme  |i book  |m 0055139